ბათუმის შოთა რუსთაველის სახელმწიფო უნივერსიტეტის ბიბლიოთეკა

ღირსეული შრომის დღის წესრიგი : (ბიბ.ჩანაწერი № 59346)

000 -ლიდერი
ფიქსირებული სიგრძის საკონტროლო ველი 02578nam a22003137a 4500
003 - საკონტროლო ნომრის იდენტიფიკატორი
საკონტროლო ველი Ge_BSU
005 - ბოლო ოპერაციის თარიღი და დრო
საკონტროლო ველი 20230329122557.0
008 - ფიქსირებული სიგრძის მონაცემთა ელემენტები - ზოგადი ინფორმაცია
ფიქსირებული სიგრძის საკონტროლო ველი 230126s2021 ge ||||| |||| 00| 0 geo d
020 ## - წიგნის საერთაშორისო სტანდარტული ნომერი
International Standard Book Number 9789941846755
041 ## - ენის კოდი
Language code of text/sound track or separate title geo
080 ## - უნივერსალური ათობითი კლასიფიკაციის ინდექსი
Universal Decimal Classification number 349.2 ღ-70
100 ## - მთავარი ჩანაწერი - პიროვნების სახელი
Personal name ცქიტიშვილი, დიმიტრი
9 (RLIN) 16793
245 ## - ცნობა სათაურის შესახებ
Title ღირსეული შრომის დღის წესრიგი :
Remainder of title საჭიროებების შეფასება და გზამკვლევი /
Statement of responsibility, etc დიმიტრი ცქიტიშვილი, ვახტანგ ნაცვლიშვილი, სალომე ქაჯაია, ზაქარია შველიძე; რედაქტორი ნინო კალატოზიშვილი; მთარგმნელი ნინო კარანაძე; დიზაინერი ანა გაბუნია.
264 ## - წარმოების, გამოცემის, დისტრიბუციის და სხვა ცნობები
გამოცემის, წარმოების, დისტრიბუციის... ადგილი თბილისი,
გამოცემის, წარმოების, დისტრიბუციის... თარიღი 2021.
300 ## - ფიზიკური აღწერა
Extent 180 გვ. ;
Other physical details 29 სმ.
500 ## - ზოგადი შენიშვნა
General note კვლევა მომზადდა საქართველოში შრომის საერთაშორისო ორგანიზაციის პროექტის "ყოვლისმომცველი შრომის ბაზარი საქართველოში სამუშაო ადგილების შესაქმნელად" ფარგლებში, ფრიდრიხ ებერტის ფონდის მხარდაჭერით, დანიის საგარეო საქმეთა სამინისტროს დაფინანსებით.
504 ## - BIBLIOGRAPHY, ETC. NOTE
Bibliography, etc ბიბლიოგრაფია: გვ. 173-180.
653 ## - INDEX TERM--UNCONTROLLED
Uncontrolled term შრომითი ხელშეკრულება
653 ## - INDEX TERM--UNCONTROLLED
Uncontrolled term სამუშაო დრო
653 ## - INDEX TERM--UNCONTROLLED
Uncontrolled term შრომითი უსაფრთხოება
700 ## - ADDED ENTRY--PERSONAL NAME
Personal name ნაცვლიშვილი, ვახტანგ
Relator term ავტორი
9 (RLIN) 16794
700 ## - ADDED ENTRY--PERSONAL NAME
Personal name ქაჯაია, სალომე
Relator term ავტორი
9 (RLIN) 16795
700 ## - ADDED ENTRY--PERSONAL NAME
Personal name შველიძე, ზაქარია
Relator term ავტორი
9 (RLIN) 8109
700 ## - ADDED ENTRY--PERSONAL NAME
Personal name კალატოზიშვილი, ნინო
Relator term რედაქტორი
9 (RLIN) 13059
700 ## - ADDED ENTRY--PERSONAL NAME
Personal name კარანაძე, ნინო
Relator term მთარგმნელი
9 (RLIN) 16796
700 ## - ADDED ENTRY--PERSONAL NAME
Personal name გაბუნია, ანა
Relator term დიზაინერი
9 (RLIN) 16797
773 ## - HOST ITEM ENTRY
Title ნაჩუქარი
942 ## - ADDED ENTRY ELEMENTS (KOHA)
Source of classification or shelving scheme
Koha item type წიგნი
ეგზემპლარები
ჩამოწერის სტატუსი დაკარგული ეგზემპლარის სტატუსი კლასიფიკაციის წყარო ან თაროზე გაწყობის სქემა დაზიანების სტატუსი არ გაიცემა მუდმივი მდებარეობა (დაცვის ადგილი) ამჟამინდელი ადგილსამყოფელი თაროზე განთავსების ადგილი შეძენის თარიღი ღირებულება, შესყიდვის ნორმალური ფასი სრული შენახვის შიფრი შტრიხკოდი ბოლო ოპერაციის თარიღი ეგზემპლარის მიმდევრობითი ნომერი (კეტერი?) ფასის ძალაში შესვლის თარიღი ეგზემპლარის სახეობა საჯარო შენიშვნა
          ბათუმის შოთა რუსთაველის სახელმწიფო უნივერსიტეტის მთავარი ბიბლიოთეკა ბათუმის შოთა რუსთაველის სახელმწიფო უნივერსიტეტის მთავარი ბიბლიოთეკა წიგნსაცავი 2023-01-26 6.00 349.2 ღ-70 63483 2023-01-26 63483 2023-01-26 წიგნი 6 ლ.
          ბათუმის შოთა რუსთაველის სახელმწიფო უნივერსიტეტის მთავარი ბიბლიოთეკა ბათუმის შოთა რუსთაველის სახელმწიფო უნივერსიტეტის მთავარი ბიბლიოთეკა წიგნსაცავი 2023-01-26 6.00 349.2 ღ-70 63484 2023-01-26 63484 2023-01-26 წიგნი 6 ლ.
          ბათუმის შოთა რუსთაველის სახელმწიფო უნივერსიტეტის მთავარი ბიბლიოთეკა ბათუმის შოთა რუსთაველის სახელმწიფო უნივერსიტეტის მთავარი ბიბლიოთეკა წიგნსაცავი 2023-01-26 6.00 349.2 ღ-70 63485 2023-01-26 63485 2023-01-26 წიგნი 6 ლ.
          ბათუმის შოთა რუსთაველის სახელმწიფო უნივერსიტეტის მთავარი ბიბლიოთეკა ბათუმის შოთა რუსთაველის სახელმწიფო უნივერსიტეტის მთავარი ბიბლიოთეკა წიგნსაცავი 2023-01-26 6.00 349.2 ღ-70 63486 2023-01-26 63486 2023-01-26 წიგნი 6 ლ.
          ბათუმის შოთა რუსთაველის სახელმწიფო უნივერსიტეტის მთავარი ბიბლიოთეკა ბათუმის შოთა რუსთაველის სახელმწიფო უნივერსიტეტის მთავარი ბიბლიოთეკა წიგნსაცავი 2023-03-29 6.00 349.2 ღ-70 63487 2023-03-29 63487 2023-03-29 წიგნი 6 ლ.